Statistiques concernant Villes espagnoles les plus peuplées

Cliquez ici pour prendre le quiz!

Statistiques générales

  • Ce quiz a été pris 239 fois
  • Le résultat moyen est 8 sur 15

Statistiques - réponses

Réponse% Correct
Barcelone
100%
Madrid
100%
Séville
95%
Valence
89%
Bilbao
79%
Malaga
65%
Saragosse
51%
Alicante
38%
Vigo
38%
Cordoue
35%
Valladolid
35%
Palma de Majorque
33%
Las Palmas
31%
Murcie
31%
Gijon
28%

Distribution des résultats

Percentile par nombre de réponses

% des personnes avec chaque résultat

Votre développement - résultats

Vous n’avez pas pris ce quiz